Statistics for Largest Settlements in Cumbria, UK

Click here to take the quiz!

General Stats

  • This quiz has been taken 178 times
  • The average score is 6 of 7

Answer Stats

Placename% Correct
Carlisle
97%
Barrow in Furness
91%
Kendal
85%
Penrith
81%
Whitehaven
78%
Workington
75%
Ulverston
48%

Score Distribution

Percentile by Number Answered

Percent of People with Each Score

Your Score History

You have not taken this quiz